Noms et dates de mandats des présidents français - Statistiques

Statistiques générales
  • Ce quiz a été pris 114 fois
  • Le résultat moyen est 23 sur 50
Statistiques - réponses
Photo Type de quiz Réponse % Correct
Nom Emmanuel Macron
98%
François Hollande
87%
Nom Nicolas Sarkozy
87%
Nom François Mitterrand
79%
Jacques Chirac
79%
Nom Valéry Giscard d'Estaing
79%
Nom Charles de Gaulle
77%
Nom Georges Pompidou
74%
2012-2017
68%
Dates de mandat 2017-2027
68%
Dates de mandat 2007-2012
66%
Nom Louis-Napoléon Bonaparte
61%
1974-1981
58%
1981-1995
58%
1995-2007
58%
René Coty
56%
1969-1974
53%
Nom Félix Faure
50%
Nom Marie François Sadi Carnot
48%
Dates de mandat 1959-1969
47%
Nom Adolphe Thiers
45%
Patrice de MacMahon
44%
Paul Doumer
42%
Nom Albert Lebrun
40%
Jean Casimir-Perier
40%
Nom Raymond Poincaré
40%
Vincent Auriol
40%
1954-1959
39%
Nom Gaston Doumergue
39%
Nom Jules Grévy
39%
Nom Paul Deschanel
39%
1920
37%
1947-1954
37%
Alexandre Millerand
37%
Émile Loubet
34%
1932-1940
31%
Dates de mandat 1848-1852
29%
Dates de mandat 1931-1932
29%
Dates de mandat 1871-1873
27%
Dates de mandat 1920-1924
27%
Dates de mandat 1924-1931
27%
Nom Armand Fallières
27%
1873-1879
26%
1895-1899
26%
Dates de mandat 1913-1920
26%
1879-1887
24%
Dates de mandat 1887-1894
24%
Dates de mandat 1894-1895
24%
Dates de mandat 1899-1906
24%
1906-1913
24%
Aucun quiz correspondant
Distribution des résultats
% des personnes avec chaque résultat
Percentile par nombre de réponses
Votre historique - résultats
Vous n’avez pas pris ce quiz